00459nam a22001577a 45000050016000000100017000160200025000330350017000580370024000750820011000991000017001102450042001272600036001692700070002053000026002752012020709229.0 aB-470060-061 a9789380078458c95.00 aB-470060-061 adplbBlue Berry/Ven a032.02 aGupta, Gagan aSir,please explain! /cby Gagan Gupta aNew DelhibMannu Graphicsc200? a5 FF,Ganpati Bhawan,21 Ansari Road,Darya Ganj,bNew Delhie110002 a176p.c22cm(pbk)bill